00298nam a2200097Ia 4500008004000000082001300040100003700053245005400090260004300144300001300187210210b1974 xxu||||| |||| 00| 0 eng d a301 DENT aDENISOFF (R Serge) & others, Ed. aTheories and paradigms in contemporary sociology. aIllinoisbF E Peacock Publishersc1974 aviii,451